Изображение в современном обществе; Высшее образование сегодня; № 7/8

Библиографические подробности
Источник:Высшее образование сегодня: научно-практический журнал.— , 2001-.— 1726-667X
№ 7/8.— 2002.— С. 54-56
Другие авторы: Найниш Л. А., Кузнецова О. Н., Тищина Е. М., Учайкина Е. Н.
Примечания:Высшее образование в документах: Журнал в журнале
Язык:русский
Опубликовано: 2002
Серии:Круглый стол преподавателей
Предметы:
Формат: Статья
Запись в KOHA:https://koha.lib.tpu.ru/cgi-bin/koha/opac-detail.pl?biblionumber=383291

MARC

LEADER 00000naa2a2200000 4500
001 383291
005 20231101063110.0
035 |a (RuTPU)RU\TPU\prd\8765 
090 |a 383291 
100 |a 20021128a2002 k y0rusy50 ca 
101 0 |a rus 
102 |a RU 
200 1 |a Изображение в современном обществе  |f Л. А. Найниш, О. Н. Кузнецова, Е. М. Тищина, Е. Н. Учайкина 
225 1 |a Круглый стол преподавателей 
300 |a Высшее образование в документах: Журнал в журнале 
320 |a Библиогр.: 8 назв. 
461 1 |0 (RuTPU)RU\TPU\prd\1307  |x 1726-667X  |t Высшее образование сегодня  |o научно-практический журнал  |d 2001- 
463 1 |0 (RuTPU)RU\TPU\prd\7062  |t № 7/8  |v С. 54-56  |d 2002 
610 1 |a изображения 
610 1 |a современное общество 
610 1 |a графический язык 
701 1 |a Найниш  |b Л. А. 
701 1 |a Кузнецова  |b О. Н. 
701 1 |a Тищина  |b Е. М. 
701 1 |a Учайкина  |b Е. Н. 
801 1 |a RU  |b 63413507  |c 20021128  |g PSBO 
801 2 |a RU  |b 63413507  |c 20140728  |g RCR 
942 |c BK